000 00170nam a2200073Ia 4500
008 170620s9999 xx 000 0 und d
100 _aSAXENA
245 0 _aICT IN PROFESSIONAL EDUCATION
260 _bAPH P
999 _c26180
_d26180